| 000 | 00415nam a2200181Ia 4500 | ||
|---|---|---|---|
| 003 | 0100 | ||
| 008 | 130303s9999 xx 000 0 und d | ||
| 040 | _cARRUPELIB | ||
| 050 | _aJC359.H2792000 | ||
| 100 | _aHardt, Michael | ||
| 245 | _aEmpire | ||
| 260 | _aCambridge | ||
| 260 | _bHarvard university press | ||
| 260 | _C2001 | ||
| 300 | _a478p.23cm | ||
| 700 | _aMichael Hardt , Negri, Antonia | ||
| 942 | 0 | 0 | _02 |
| 999 |
_c17064 _d17064 |
||